000 00783nai a2200205Ia 4500
003 IN-BaIIA
008 211028c9999 xx s 000 0 eng d
022 _a0018-9456 (Print)
022 _a1557-9662 (Online)
040 _cIIA Library
245 0 _aIEEE Transactions on Instrumentation and Measurement
_h[eJournal]
260 _aNew York, USA
_bThe Institute of Electrical and Electronics Engineers, Inc. (IEEE)
310 _aMonthly
362 _a12(1); 1963 - Present
521 _bSubscribed through National Knowledge Resource Consortium (NKRC)
650 _a Components, Circuits, Devices and Systems
650 _aPower, Energy and Industry Applications
856 _uhttps://ieeexplore.ieee.org/servlet/opac?punumber=19
_yClick Here to Access eJournal
942 _cEJ
999 _c34690
_d34690